000
00345pam a2200157a 44500
008
230515b2007 xxu||||| |||| 00| 0 eng d
020
_a
NULL
041
_a
ENGLISH
082
_a
630
100
_a
JAIN
245
_a
TURING BARING RELATED PROCESS
250
_a
5
260
_a
DELHI
_b
GAAJ PRAKASHAN
_c
2007
300
_a
927
650
_a
NULL
999
_c
651162
_d
651162